| 000 | 00793nam a22002297a 4500 | ||
|---|---|---|---|
| 005 | 20170124110109.0 | ||
| 010 | _aA-610250 | ||
| 020 |
_c00.00 _a8173040079 |
||
| 035 | _aA-610250 | ||
| 037 | _bCen Lib/Ret | ||
| 040 |
_aDPL _bEN |
||
| 082 |
_a954.0841 _bIND |
||
| 245 |
_aIndia's colonial encounter : _cedited by Mushirul Hasan [and] Narayani _bessays in memory of Eric Stokes / |
||
| 260 |
_aNew Delhi _bManohar _c1993 |
||
| 270 |
_bNew Delhi _e110002 _a2/6, Ansari Road, Darya Ganj |
||
| 300 |
_aix,412p. _c21cm(Hb) |
||
| 650 |
_aIndia -- History -- British occupation, 1765-1947 _928647 |
||
| 650 |
_aAgricultura -- Aspectos económicos -- India _928648 |
||
| 700 |
_aHasan, Mushirul _928649 |
||
| 700 |
_aGupta, Narayani _928650 |
||
| 942 |
_2ddc _cEN _h954.0841 _mIND |
||
| 999 |
_c130229 _d130229 |
||